000 00638cam a22002413a 4500
001 13818
003 PGUSA
005 20140828083309.0
008 041021s2004||||xxu|||||s|||||000 1 eng d
040 _aPGUSA
_beng
042 _adc
050 4 _aPQ
100 1 _aSand, George,
_d1804-1876
245 1 0 _aJacques
_h[electronic resource] /
_cGeorge Sand
260 _bProject Gutenberg,
_c2004
506 _aPublic domain in the USA.
516 _aElectronic text
653 _aEpistolary fiction
653 _aFrench fiction
830 0 _aProject Gutenberg
_v13818
856 4 0 _uhttp://www.gutenberg.org/ebooks/13818
942 _cEB
999 _c243073
_d243073